Atención hospitalaria y costo del aborto.
Kaydedildi:
| Materyal Türü: | Kitap |
|---|---|
| Dil: | İspanyolca |
| Baskı/Yayın Bilgisi: |
Bogotá, Colombia
Universidad Externado de Colombia
1994
|
| Konular: | |
| Etiketler: |
Etiketle
Etiket eklenmemiş, İlk siz ekleyin!
|
MARC
| LEADER | 00000nam a2200000 a 4500 | ||
|---|---|---|---|
| 001 | UCY7452 | ||
| 003 | CL-VaPUC | ||
| 005 | 20240820100307.0 | ||
| 008 | 950614e19940000ck 1 spa d | ||
| 999 | |c 382385 |d 382383 | ||
| 040 | |c Pontificia Universidad Católica de Valparaíso | ||
| 082 | 0 | 4 | |a 363.46 ENC 1994 |2 21 |
| 245 | 1 | 0 | |a Atención hospitalaria y costo del aborto. |
| 260 | 0 | 3 | |a Bogotá, Colombia |b Universidad Externado de Colombia |c 1994 |
| 300 | |a 106 páginas. | ||
| 518 | |p Encuentro de Investigadores sobre Aborto Inducido en América Latina y el Caribe, Bogotá, 15 al 18 de Noviembre de 1994 | ||
| 546 | |a En Español | ||
| 583 | |a last modification |c 19950614 00:00:00 |k Rodrigo Vera | ||
| 650 | 0 | 0 | |a Aborto |9 256680 |
| 650 | 0 | 0 | |a Aspectos clínicos |9 326327 |
| 650 | 0 | 0 | |a Aspectos económicos |9 255165 |
| 942 | |c BK |2 ddc | ||
| 945 | |a rbrito |d 19950614 00:00:00 | ||
| 952 | |0 0 |1 0 |2 ddc |4 0 |6 363_460000000000000_ENC_1994 |7 0 |8 P |9 504052 |a BIBEDU |b BIBEDU |c BIBEDU_PB |d 2020-01-23 |i 3088502 |o 363.46 ENC 1994 |p 3088502 |r 2024-01-25 |t 1 |w 2020-01-23 |y BK |k EDU | ||